{"text_format":"3","workbook":"xlsx","n_sheets":4,"sheets":["RELAÇÃO RUAS","PLANILHA ORÇAMENTÁRIA","PLANILHA ORÇAMENTÁRIA CDHU 191","CRONOGRAMA CDHU 191"],"not_rendered":{"images":2,"external_links":1,"defined_names":5},"read":"whole","date_system":"1900"}

{"sheet":"RELAÇÃO RUAS","index":0,"n_rows":62,"n_cols":23,"rows_kept":62,"merged":[[1,4,1,10],[2,4,2,6],[4,3,5,3],[4,4,5,4],[4,5,5,5],[4,6,5,6],[4,7,5,7],[4,8,5,8],[4,9,4,10],[4,14,5,14],[4,15,5,15],[4,16,5,17],[4,19,5,19],[6,16,6,17],[7,16,7,17],[8,16,8,17],[9,16,9,17],[10,16,10,17],[11,16,11,17],[12,16,12,17],[13,16,13,17],[14,16,14,17],[15,16,15,17],[16,16,16,17],[17,16,17,17],[18,16,18,17],[19,16,19,17],[20,16,20,17],[21,16,21,17],[22,16,22,17],[23,16,23,17],[24,16,24,17],[25,16,25,17],[26,16,26,17],[27,16,27,17],[28,16,28,17],[29,16,29,17],[30,16,30,17],[31,16,31,17],[32,16,32,17],[33,16,33,17],[34,16,34,17],[35,16,35,17],[36,16,36,17],[37,16,37,17],[38,16,38,17],[39,16,39,17],[40,16,40,17],[41,16,41,17],[42,16,42,17],[43,16,43,17],[44,16,44,17],[45,16,45,17],[46,16,46,17],[47,16,47,17],[48,16,48,17],[49,16,49,17],[50,16,50,17],[51,16,51,17],[52,16,52,17],[57,16,57,17],[58,16,58,17]]}
[]
[{"$nulls":4},"ANEXO A - RELAÇÃO DE RUAS E AVENIDAS A SEREM RECAPEADAS - LOTE 02"]
[{"$nulls":4},"PREFEITURA MUNICIPAL DE AMPARO",{"$nulls":5},"SMMSP"]
[]
[{"$nulls":3},"Tráfego","N.","BAIRRO","Nome da Via","Extensão        (m)","Área               (m2)","Trecho",{"$nulls":4},"FRESA","TAMPÃO","OBS",null,null,"àrea remendos   (m2)","Fresagem","CBUQ"]
[{"$nulls":9},"Início","Término"]
[null,null,1,"LEVE",1," RESIDENCIAL QUINTAS DE SÃO THIAGO","JOSE GIUSSEPPE (lado Wolfgang F. A. Müller Carioba)",250.64,{"v":2726.39,"d":"2,726.39"},"R QUATORZE","PROFA DONA NINI",{"$nulls":3},"N",4,"Remendo pontual    5%",null,{"v":0.05,"d":"5%"},{"$f":"S7*I7","v":{"v":136.3195,"d":"136.32"}},{"$f":"IF(O7=\"n\",0,I7)","v":0},{"$f":"ROUND(I7*0.04,2)","v":109.06}]
[null,null,15,"LEVE",2,"CENTRO","DEP. NARCISIO PIERONI",126.82,{"v":1141.38,"d":"1,141.38"},"CARLOS DE CAMPOS","GALVÃO BUENO",{"$nulls":3},"S",2,{"$nulls":3},{"$f":"S8*I8","v":0},{"$f":"IF(O8=\"n\",0,I8)","v":{"v":1141.38,"d":"1,141.38"}},{"$f":"ROUND(I8*0.04,2)","v":45.66}]
[null,null,35,"LEVE",3,"CENTRO","SÃO BENEDITO",93.43,{"v":700.725,"d":"700.73"},"NELSON MARQUES DE ALMEIDA","N. 390","Ver trecho mais largo",null,null,"S",4,{"$nulls":3},{"$f":"S9*I9","v":0},{"$f":"IF(O9=\"n\",0,I9)","v":{"v":700.725,"d":"700.73"}},{"$f":"ROUND(I9*0.04,2)","v":28.03}]
[null,null,40,"LEVE",4,"CENTRO","SETE DE SETEMBRO - TRECHO I",{"v":139.2,"d":"139.20"},{"v":1179.17,"d":"1,179.17"},"GENERAL OSORIO","JOSÉ BONIFÁCIO",{"$nulls":3},"N",1,"PARALELO",null,null,{"$f":"S10*I10","v":0},{"$f":"IF(O10=\"n\",0,I10)","v":0},{"$f":"ROUND(I10*0.06,2)","v":70.75}]
[{"$nulls":4},5,"CENTRO","SETE DE SETEMBRO - TRECHO II",447.37,{"v":4192.17,"d":"4,192.17"},"GENERAL OSORIO","SETE DE SETEMBRO Nº 504",{"$nulls":3},"N",9,{"$nulls":3},{"$f":"S11*I11","v":0},{"$f":"IF(O11=\"n\",0,I11)","v":0},{"$f":"ROUND(I11*0.04,2)","v":167.69}]
[null,null,41,"LEVE",6,"CHÁCARA SÃO FRANCISCO","JOSÉ FELICIANO DE CAMARGO JÚNIOR",549.01,{"v":4556.783,"d":"4,556.78"},"NELSON MARQUES DE ALMEIDA","N. 571",{"$nulls":3},"S",13,"Remendo pontual    2%",null,{"v":0.02,"d":"2%"},{"$f":"S12*I12","v":{"v":91.13566,"d":"91.14"}},{"$f":"IF(O12=\"n\",0,I12)","v":{"v":4556.783,"d":"4,556.78"}},{"$f":"ROUND(I12*0.04,2)","v":182.27}]
[null,null,42,"LEVE",7,"JARDIM ADÉLIA","ANTILHAS",326.89,{"v":2992.9,"d":"2,992.90"},"INTEIRA",null,null,"PARALELO",null,"S",12,{"$nulls":3},0,{"v":2992.9,"d":"2,992.90"},119.72]
[null,null,43,"LEVE",8,"JARDIM ALBERTO","ANTONIO DE CAMARGO ANDRADE",344.12,{"v":3300.02,"d":"3,300.02"},"BENTO DOS SANTOS GUERRA","MANOEL DE MATOS AZEVEDO",null,"BLOQUETE",null,"S",4,"Remendo pontual    2%",null,null,0,{"v":3300.02,"d":"3,300.02"},{"v":132,"d":"132.00"}]
[null,null,44,"LEVE",9,"JARDIM ALBERTO","JOSÉ ANGELO MATIOLLI",314.45,{"v":2222.54,"d":"2,222.54"},"ANTONIO DE CAMARGO ANDRADE","ANTONIO DE CAMARGO ANDRADE",null,"PARALELO",null,"S",3,{"$nulls":3},0,{"v":2222.54,"d":"2,222.54"},{"v":88.9,"d":"88.90"}]
[null,null,45,"LEVE",10,"JARDIM DAS ORQUÍDEAS","PALERMO",328.43,{"v":2724.42,"d":"2,724.42"},"AV SAUDADE","N 45 (LOMBADA)",{"$nulls":3},"N",7,"Remendo pontual    2%",null,{"v":0.02,"d":"2%"},{"v":54.4884,"d":"54.49"},0,108.98]
[null,null,48,"LEVE",11,"JARDIM DAS ORQUÍDEAS","TURIM",129.87,{"v":1419.6,"d":"1,419.60"},"CATÂNIA","MONZA",{"$nulls":3},"S",2,{"$nulls":3},0,{"v":1419.6,"d":"1,419.60"},56.78]
[null,null,49,"LEVE",12,"JARDIM DAS ORQUÍDEAS","SARDENHA",139.87,{"v":1102.65,"d":"1,102.65"},"MONZA","N 84",{"$nulls":3},"S",2,{"$nulls":3},0,{"v":1102.65,"d":"1,102.65"},44.11]
[null,null,50,"LEVE",13,"JARDIM DAS ORQUÍDEAS","MONZA",213.82,{"v":2202.56,"d":"2,202.56"},"N 159 ","CAPRI",{"$nulls":3},"S",8,{"$nulls":3},0,{"v":2202.56,"d":"2,202.56"},{"v":88.1,"d":"88.10"}]
[null,null,83,"LEVE",14,"JARDIM EUROPA","ANTONIO PAVANI",{"v":163.8,"d":"163.80"},{"v":1462.94,"d":"1,462.94"},"RENATO VITALE","AMÉRICO GIGLIO",{"$nulls":3},"S",2,{"$nulls":3},0,{"v":1462.94,"d":"1,462.94"},58.52]
[null,null,84,"LEVE",15,"JARDIM SILVESTRE IV","ADALGISO BATONI",323.05,{"v":3102.92,"d":"3,102.92"},"ARLINDO FAVA","SIDNEI CORSI",{"$nulls":3},"S",6,{"$nulls":3},0,{"v":3102.92,"d":"3,102.92"},124.12]
[null,null,85,"LEVE",16,"JD BRASIL","PERNAMBUCO",242.87,{"v":1700.09,"d":"1,700.09"},"RORAIMA","PARAÍBA",{"$nulls":3},"S",7,"Remendo pontual    2%",null,{"v":0.02,"d":"2%"},{"v":34.0018,"d":"34.00"},{"v":1700.09,"d":"1,700.09"},{"v":68,"d":"68.00"}]
[null,null,86,"LEVE",17,"JD BRASIL","PARAÍBA",104.63,{"v":680.095,"d":"680.10"},"PERNAMBUCO","PIAUI",{"$nulls":3},"S",3,{"$nulls":3},0,{"v":680.095,"d":"680.10"},{"v":27.2,"d":"27.20"}]
[null,null,87,"LEVE",18,"JD BRASIL","AV. SÃO PAULO",405.93,{"v":3531.591,"d":"3,531.59"},"PARAÍBA","BAHIA",{"$nulls":3},"N",14,"Remendo pontual    2%",null,{"v":0.02,"d":"2%"},{"v":70.63182,"d":"70.63"},0,141.26]
[null,null,88,"LEVE",19,"JD CAMANDOCAIA","AV. ITÁLIA",396.59,{"v":2617.494,"d":"2,617.49"},"AV. EUROPA","AV. DR. CARLOS BURGOS",{"$nulls":3},"N",12,"Remendo pontual    2%",null,{"v":0.02,"d":"2%"},{"v":52.34988,"d":"52.35"},0,{"v":104.7,"d":"104.70"}]
[null,null,89,"LEVE",20,"JD CAMANDOCAIA","BENEDITO GUEDES",90.46,{"v":606.082,"d":"606.08"},"PRACINHA SILVINO SCORCER","ENG. JOSÉ PEREIRA REBOUÇAS",{"$nulls":3},"N",1,{"$nulls":3},0,0,24.24]
[null,null,90,"LEVE",21,"JD CAMANDOCAIA","ESPANHA",138.35,{"v":899.275,"d":"899.28"},"AV. EUROPA","ALEMANHA",{"$nulls":3},"N",7,{"$nulls":3},0,0,35.97]
[null,null,91,"LEVE",22,"JD CAMANDOCAIA","ALEMANHA",{"v":282.6,"d":"282.60"},{"v":1836.9,"d":"1,836.90"},"ESPANHA","PORTUGAL",{"$nulls":3},"N",28,{"$nulls":3},0,0,73.48]
[{"$nulls":4},23,"JD CAMANDOCAIA","BELGICA",137.26,{"v":919.642,"d":"919.64"},"ALEMANHA","AV. EUROPA",{"$nulls":3},"N",8,{"$nulls":3},0,0,36.79]
[{"$nulls":4},24,"JD SANTA CECÍLIA","ARAGUAIA",97.62,{"v":654.054,"d":"654.05"},"NELSON MARQUES DE ALMEIDA","TAPAJÓS",{"$nulls":3},"N",1,"PARALELO",null,null,0,0,{"$f":"ROUND(I30*0.06,2)","v":39.24}]
[{"$nulls":4},25,"JD SANTA CECÍLIA","TAPAJÓS",30.72,{"v":221.184,"d":"221.18"},"ARAGUAIA","BAHIA",{"$nulls":3},"N",1,"PARALELO",null,null,0,0,{"$f":"ROUND(I31*0.06,2)","v":13.27}]
[{"$nulls":4},26,"JD SANTANA","NELSON MARQUES DE ALMEIDA",90.33,{"v":578.112,"d":"578.11"},"ARAGUAIA","SÃO BENEDITO",{"$nulls":3},"N",12,"PARALELO",null,null,0,0,{"$f":"ROUND(I32*0.06,2)","v":34.69}]
[{"$nulls":4},27,"JD. ADELIA","NATAL DORIGATTI",314.21,{"v":1941.95,"d":"1,941.95"},"DR. DEMÉTRIO DE TOLEDO","AV. DR. CORIOLANO BURGOS",{"$nulls":3},"N",6,{"$nulls":3},0,0,{"$f":"ROUND(I33*0.04,2)","v":77.68}]
[{"$nulls":4},28,"JD. FIGUEIRA","PURINA",102.84,{"v":1424.56,"d":"1,424.56"},"EL SALVADOR","PARAGUAI",{"$nulls":3},"S",5,{"$nulls":3},0,{"v":1424.56,"d":"1,424.56"},{"$f":"ROUND(I34*0.04,2)","v":56.98}]
[{"$nulls":4},29,"JD. SILMARA","FREDERICO TRENTINI",425.74,{"v":3533.642,"d":"3,533.64"},"OLÍMPIO GERALDINI","AV. EUROPA",{"$nulls":3},"S",12,{"$nulls":3},0,{"v":3533.642,"d":"3,533.64"},141.35]
[{"$nulls":4},30,"JD. SILMARA","ERNESTO CORSI",312.06,{"$f":"1463.99+1365.92","v":{"v":2829.91,"d":"2,829.91"}},"INTEIRA",{"$nulls":4},"S",7,"Remendo pontual    5%",null,{"v":0.05,"d":"5%"},{"v":141.4955,"d":"141.50"},{"v":2829.91,"d":"2,829.91"},{"v":113.2,"d":"113.20"}]
[{"$nulls":4},31,"JD. SILMARA","PROFESSOR ARISTIDES GURJÃO",334.99,{"v":3059.6,"d":"3,059.60"},"AV. EUROPA","GRADE Nº 160",{"$nulls":3},"N",6,"Remendo pontual    5%",null,{"v":0.05,"d":"5%"},152.98,0,122.38]
[{"$nulls":4},32,"PARQUE CECAP","PEDRO ALVES DE SIQUEIRA",61.15,{"v":336.325,"d":"336.33"},"AV. ITÁLIA","PRACINHA SILVINO SCORCER",{"$nulls":3},"N",1,{"$nulls":3},0,0,13.45]
[{"$nulls":4},33,"PARQUE CECAP","PRACINHA SILVINO SCORCER",250.69,{"v":1378.795,"d":"1,378.80"},"PEDRO ALVES DE SIQUEIRA","ENG. JOSÉ PEREIRA REBOUÇAS",{"$nulls":3},"N",7,"Remendo pontual    2%",null,{"v":0.02,"d":"2%"},{"v":27.5759,"d":"27.58"},0,55.15]
[{"$nulls":4},34,"PARQUE CECAP","ENG. JOSÉ PEREIRA REBOUÇAS",104.44,{"v":1075.732,"d":"1,075.73"},"BENEDITO GUEDES","AV. ITÁLIA",{"$nulls":3},"S",3,{"$nulls":3},0,{"v":1075.732,"d":"1,075.73"},43.03]
[{"$nulls":4},35,"PARQUE CECAP","VALENTIM GERBI",59.99,{"v":623.896,"d":"623.90"},"AV. ITÁLIA","PRACINHA SILVINO SCORCER",{"$nulls":3},"N","-",{"$nulls":3},0,0,24.96]
[{"$nulls":4},36,"PARQUE RODRIGUES","PROFESSOR SILVIO VICHI",74.13,854.09,"CABO JOÃO DOS SANTOS","ARMANDO BARTOLOMEU",{"$nulls":3},"S","-",{"$nulls":3},0,854.09,34.16]
[{"$nulls":4},37,"PARQUE RODRIGUES","ARMANDO BARTOLOMEU",127.22,{"v":1004.25,"d":"1,004.25"},"WALDOMIRO ROSETTI","N 98 (CURVA)",{"$nulls":3},"S",2,{"$nulls":3},0,{"v":1004.25,"d":"1,004.25"},40.17]
[{"$nulls":4},38,"PARQUE RODRIGUES","JOÃO JOSÉ GUTIERREZ",105.22,{"v":1028.44,"d":"1,028.44"},"ARMANDO BARTOLOMEU","BENTO DOS SANTOS GUERRA",{"$nulls":3},"S","-",{"$nulls":3},0,{"v":1028.44,"d":"1,028.44"},41.14]
[{"$nulls":4},39,"PARQUE RODRIGUES","BENTO DOS SANTOS GUERRA",313.05,{"v":2847.78,"d":"2,847.78"},"JOÃO JOSÉ GUTIERREZ","ANTONIO DE CAMARGO ANDRADE",{"$nulls":3},"S",2,{"$nulls":3},0,{"v":2847.78,"d":"2,847.78"},113.91]
[{"$nulls":4},40,"RIBEIRÃO","AV FIORAVANTE GERBI",513.13,{"v":4519.67,"d":"4,519.67"},"ROTATÓRIA PRAÇA DA LIBERDADE","N 491",{"$nulls":3},"S",11,{"$nulls":3},0,{"v":4519.67,"d":"4,519.67"},180.79]
[{"$nulls":4},41,"VALE VERDE","JOSÉ OSVALDO GIRON FILHO",324.41,{"v":2989.69,"d":"2,989.69"},"INTEIRA",{"$nulls":4},"N",7,{"$nulls":3},0,0,119.59]
[{"$nulls":4},42," RESIDENCIAL QUINTAS DE SÃO THIAGO","IVAN LOTTI CRAVEIRO",147.08,{"v":1356.57,"d":"1,356.57"},"INTEIRA",{"$nulls":4},"S",6,"Remendo pontual   50%",null,{"v":0.5,"d":"50%"},{"v":678.285,"d":"678.29"},{"v":1356.57,"d":"1,356.57"},54.26]
[{"$nulls":4},43," RESIDENCIAL QUINTAS DE SÃO THIAGO","DARCY PEREIRA",148.22,{"v":1242.52,"d":"1,242.52"},"INTEIRA",{"$nulls":4},"S",4,"Remendo pontual   50%",null,{"v":0.5,"d":"50%"},621.26,{"v":1242.52,"d":"1,242.52"},{"v":49.7,"d":"49.70"}]
[{"$nulls":4},44," RESIDENCIAL QUINTAS DE SÃO THIAGO","JACOB ALEXANDRE ZANELLA GUTIERRES",146.14,{"v":1299.54,"d":"1,299.54"},"INTEIRA",{"$nulls":4},"S",4,"Remendo pontual   50%",null,{"v":0.5,"d":"50%"},649.77,{"v":1299.54,"d":"1,299.54"},51.98]
[{"$nulls":4},45,"SÃO DIMAS","FRANCESCO PAOLO LENA",{"v":124.1,"d":"124.10"},908.48,"JOÃO ALEXANDRE BISPO","MARIA ROSA FEDERICE",{"$nulls":3},"N",2,{"$nulls":3},0,0,36.34]
[{"$nulls":4},46,"SÃO DIMAS","ORLANDO AUDRAI DE BARROS BUENO",543.35,{"v":4599.84,"d":"4,599.84"},"VEREADOR ROMULO MOLINARI","AV. CARLOS BARONI",{"$nulls":3},"N",16,"Remendo pontual    5%",null,{"v":0.05,"d":"5%"},{"v":229.992,"d":"229.99"},0,183.99]
[{"$nulls":4},47,"JARDIM AMÉRICA","GUIANAS",130.87,{"v":1187.76,"d":"1,187.76"},"SURINAME","EQUADOR",{"$nulls":3},"N",5,{"$nulls":3},0,0,47.51]
[{"$nulls":4},48,"JARDIM EUROPA","DR. ROBERTO AMPARO PASTANA CAMARA",null,{"v":2894.97,"d":"2,894.97"},{"$nulls":5},"S",{"$nulls":4},0,{"v":2894.97,"d":"2,894.97"},{"v":115.8,"d":"115.80"}]
[{"$nulls":4},49,"JARDIM SILVESTRE IV","JOÃO MARSON",null,{"v":1268.46,"d":"1,268.46"},{"$nulls":5},"S",{"$nulls":4},0,{"v":1268.46,"d":"1,268.46"},50.74]
[{"$nulls":4},50,"JARDIM CAMANDOCAIA","PORTUGAL",null,{"v":2914.62,"d":"2,914.62"},{"$nulls":5},"S",{"$nulls":4},0,{"v":2914.62,"d":"2,914.62"},116.58]
[{"$nulls":4},51,"TRES PONTES","ANÉSIO GUIDI",null,{"v":5843.68,"d":"5,843.68"},{"$nulls":5},"S",{"$nulls":4},0,{"v":5843.68,"d":"5,843.68"},233.75]
[{"$nulls":4},52,"SÃO DIMAS","JOÃO ALEXANDRE BISPO",395.33,{"v":3715.1,"d":"3,715.10"},"JOSÉ DOMINGOS FACHINI","AV. AYRTON SENA",{"$nulls":3},"S",11,"Remendo pontual    5%",null,{"v":0.05,"d":"5%"},{"v":185.755,"d":"185.76"},{"v":3715.1,"d":"3,715.10"},{"v":148.6,"d":"148.60"}]
[]
[{"$nulls":6},"TOTAIS =",{"$f":"SUM(H7:H58)","v":{"v":10966.49,"d":"10,966.49"}},{"$f":"SUM(I7:I58)","v":{"v":105951.557,"d":"105,951.56"}},{"$nulls":6},{"$f":"SUM(P7:P58)","v":290},{"$nulls":3},{"$f":"SUM(T7:T59)","v":{"v":3126.04046,"d":"3,126.04"}},{"$f":"SUM(U7:U59)","v":{"v":66238.737,"d":"66,238.74"}},{"$f":"ROUND(SUM(V7:V59),2)","v":{"v":4290.72,"d":"4,290.72"}},{"$f":"U60/2","v":{"v":33119.3685,"d":"33,119.37"}}]
[{"$nulls":7},"ÁREA CBUQ BORRACHA",{"$f":"I7+I10+I11+I16+I24+I25+I26+I27+I28+I29+I30+I31+I33+I37+I38+I39+I41+I47+I51+I52+I53+I32+I57+I58","v":{"v":49271.6,"d":"49,271.60"}},{"$f":"I61/I60","v":{"v":0.465038942278121,"d":"46.50%"}},{"$nulls":10},"CBUQ BORRACHA",{"$f":"V7+V10+V11+V16+V24+V25+V26+V27+V28+V29+V30+V31+V33+V37+V38+V39+V41+V47+V51+V52+V53+V32+V57+V58","v":{"v":2023.52,"d":"2,023.52"}},{"$f":"V61/2","v":{"v":1011.76,"d":"1,011.76"}}]
[{"$nulls":7},"CBUQ",{"$f":"I60-I61","v":{"v":56679.957,"d":"56,679.96"}},{"$f":"I62/I60","v":{"v":0.534961057721879,"d":"53.50%"}},{"$nulls":10},"CBUQ",{"$f":"V60-V61","v":{"v":2267.2,"d":"2,267.20"}},{"$f":"V62/2","v":{"v":1133.6,"d":"1,133.60"}}]

{"sheet":"PLANILHA ORÇAMENTÁRIA","index":1,"n_rows":34,"n_cols":12,"rows_kept":34,"merged":[[0,0,0,8],[1,0,1,8],[2,0,2,1],[2,2,2,7],[3,0,3,1],[3,2,3,7],[4,0,4,1],[4,2,4,7],[5,0,5,7],[7,0,7,6],[10,0,10,6],[25,2,25,8],[26,2,26,4],[27,2,27,4],[28,2,28,4],[29,2,29,4],[30,2,30,4],[32,3,32,5],[33,3,33,5]]}
["Secretaria Municipal de Manutenção e Serviços Públicos"]
["Planilha Orçamentária"]
["Pedido:",null,"RECAPEAMENTO ASFÁLTICO - ETAPA 02",{"$nulls":5},"Data"]
["Local:",null,"DIVERSAS RUAS E AVENIDAS DO MUNICÍPIO DE AMPARO - ANEXO A",{"$nulls":5},"2023-08-08"]
["Planilhas Base",null,"CDHU 190 - DER/SP 06/23 e SIURB 01/23",{"$nulls":5},"BDI"]
[{"$nulls":8},{"v":0.25,"d":"25%"}]
["Item","Fonte","Código","Descrição","Unid.","Quant.","Valor Unit. s/ BDI","Valor Unit. c/ BDI","Total"]
["Remendos de pavimento",{"$nulls":7},{"$f":"SUM(I9:I10)","v":{"$error":"#REF!"}}]
[1,"CDHU 190","54.01.400",{"$f":"VLOOKUP(C9,#REF!,2,0)","v":{"$error":"#REF!"}},{"$f":"VLOOKUP(C9,#REF!,3,0)","v":{"$error":"#REF!"}},{"$f":"'RELAÇÃO RUAS'!T60","v":{"v":3126.04046,"d":"3,126.04"}},{"$f":"VLOOKUP(C9,#REF!,6,0)","v":{"$error":"#REF!"}},{"$f":"ROUND(G9+(G9*$I$6),2)","v":{"$error":"#REF!"}},{"$f":"ROUND(H9*F9,2)","v":{"$error":"#REF!"}}]
[2,"CDHU 190","54.01.210",{"$f":"VLOOKUP(C10,#REF!,2,0)","v":{"$error":"#REF!"}},{"$f":"VLOOKUP(C10,#REF!,3,0)","v":{"$error":"#REF!"}},{"$f":"ROUND(F9*0.15,2)","v":468.91},{"$f":"VLOOKUP(C10,#REF!,6,0)","v":{"$error":"#REF!"}},{"$error":"#REF!"},{"$error":"#REF!"}]
["Recapeamento asfáltico",{"$nulls":7},{"$f":"SUM(I12:I15)","v":{"$error":"#REF!"}}]
[1,"CDHU 190","03.07.080",{"$f":"VLOOKUP(C12,#REF!,2,0)","v":{"$error":"#REF!"}},{"$f":"VLOOKUP(C12,'[1]CDHU 187'!A$1:F$65536,3,)","v":"M2"},{"$f":"'RELAÇÃO RUAS'!U60","v":{"v":66238.737,"d":"66,238.74"}},{"$f":"VLOOKUP(C12,#REF!,6,0)","v":{"$error":"#REF!"}},{"$error":"#REF!"},{"$error":"#REF!"}]
[2,"CDHU 190","54.03.230",{"$f":"VLOOKUP(C13,#REF!,2,0)","v":{"$error":"#REF!"}},{"$f":"VLOOKUP(C13,'[1]CDHU 187'!A$1:F$65536,3,)","v":"M2"},{"$f":"'RELAÇÃO RUAS'!I60+'RELAÇÃO RUAS'!I30+'RELAÇÃO RUAS'!I31+'RELAÇÃO RUAS'!I32+'RELAÇÃO RUAS'!I10","v":{"v":108584.077,"d":"108,584.08"}},{"$f":"VLOOKUP(C13,#REF!,6,0)","v":{"$error":"#REF!"}},{"$error":"#REF!"},{"$error":"#REF!"}]
[3,"DER-SP","23.08.06.99","Concreto Asfaltico Modificado Com 15% em Peso de Borracha","M3",{"v":1298.4,"d":"1,298.40"},null,{"v":1569.12,"d":"1,569.12"},{"v":2037345.41,"d":"2,037,345.41"}]
[4,"CDHU 190","54.03.210",{"$f":"VLOOKUP(C15,#REF!,2,0)","v":{"$error":"#REF!"}},{"$f":"VLOOKUP(C15,'[1]CDHU 187'!A$1:F$65536,3,)","v":"M3"},{"v":2571.74,"d":"2,571.74"},{"$f":"VLOOKUP(C15,#REF!,6,0)","v":{"$error":"#REF!"}},{"$error":"#REF!"},{"$error":"#REF!"}]
[{"$nulls":3},"Serviços Complementares",{"$nulls":4},{"$f":"SUM(I17:I19)","v":{"$error":"#REF!"}}]
[1,"SIURB ",{"v":62100,"d":"06-21-00"},"LEVANTAMENTO OU REBAIXAMENTO DE TAMPÃO DE POÇO DE VISITA","UN",{"$f":"'RELAÇÃO RUAS'!P60","v":{"v":290,"d":"290.00"}},155.78,{"$f":"ROUND(G17+(G17*$I$6),2)","v":194.73},{"$f":"ROUND(H17*F17,2)","v":{"v":56471.7,"d":"56,471.70"}}]
[2,"CDHU 190","02.08.020",{"$f":"VLOOKUP(C18,#REF!,2,0)","v":{"$error":"#REF!"}},{"$f":"VLOOKUP(C18,'[1]CDHU 187'!A$1:F$65536,3,)","v":"M2"},{"v":14,"d":"14.00"},{"$f":"VLOOKUP(C18,#REF!,6,0)","v":{"$error":"#REF!"}},{"$error":"#REF!"},{"$error":"#REF!"}]
[4,"CDHU 190","01.20.280",{"$f":"VLOOKUP(C19,#REF!,2,0)","v":{"$error":"#REF!"}},{"$f":"VLOOKUP(C19,'[1]CDHU 187'!A$1:F$65536,3,)","v":"M2"},{"$f":"F31","v":{"v":105951.56,"d":"105,951.56"}},{"$f":"VLOOKUP(C19,#REF!,6,0)","v":{"$error":"#REF!"}},{"$error":"#REF!"},{"$error":"#REF!"}]
[]
[]
[{"$nulls":6},"Total geral",null,{"$f":"I8+I11+I16","v":{"$error":"#REF!"}}]
[]
[]
[]
[null,null,"Memória de cálculo"]
[null,null,"DESCRIÇÃO",null,null,"Área (m2)","Espessura recape (m)",null,"volume de CBUQ (m3)"]
[null,null,"DIVERSAS RUAS E AVENIDAS DO MUNICÍPIO DE AMPARO - RECAPE 4,0 CM",null,null,{"$f":"ROUND('RELAÇÃO RUAS'!I60-'RELAÇÃO RUAS'!I32-'RELAÇÃO RUAS'!I31-'RELAÇÃO RUAS'!I30-'RELAÇÃO RUAS'!I10,2)","v":{"v":103319.04,"d":"103,319.04"}},0.04,null,{"$f":"ROUNDUP(G28*F28,2)","v":{"v":4132.77,"d":"4,132.77"}}]
[null,null,"DIVERSAS RUAS E AVENIDAS DO MUNICÍPIO DE AMPARO - RECAPE 6,0 CM",null,null,{"$f":"ROUND('RELAÇÃO RUAS'!I10+'RELAÇÃO RUAS'!I30+'RELAÇÃO RUAS'!I31+'RELAÇÃO RUAS'!I32,2)","v":{"v":2632.52,"d":"2,632.52"}},0.06,null,{"$f":"ROUND(G29*F29,2)","v":157.95}]
[]
[null,null,"TOTAIS",null,null,{"$f":"SUM(F28:F29)","v":{"v":105951.56,"d":"105,951.56"}},null,null,{"$f":"SUM(I28:I29)","v":{"v":4290.72,"d":"4,290.72"}},null,null,{"$f":"I31/2","v":{"v":2145.36,"d":"2,145.36"}}]
[]
[{"$nulls":3},"RODRIGO BORGES N. GUEDES"]
[{"$nulls":3},"Engenheiro Civil da SMMSP"]

{"sheet":"PLANILHA ORÇAMENTÁRIA CDHU 191","index":2,"n_rows":34,"n_cols":9,"rows_kept":34,"merged":[[0,0,0,8],[1,0,1,8],[2,0,2,1],[2,2,2,6],[3,0,3,1],[3,2,3,6],[4,0,4,1],[4,2,4,6],[5,0,5,6],[7,0,7,6],[10,0,10,6],[25,2,25,8],[26,2,26,4],[27,2,27,4],[28,2,28,4],[29,2,29,4],[30,2,30,4],[32,3,32,5],[33,3,33,5]]}
["Secretaria Municipal de Manutenção e Serviços Públicos"]
["Planilha Orçamentária"]
["Pedido:",null,"RECAPEAMENTO ASFÁLTICO - ETAPA 02",{"$nulls":5},"Data"]
["Local:",null,"DIVERSAS RUAS E AVENIDAS DO MUNICÍPIO DE AMPARO - ANEXO A",{"$nulls":5},"2023-11-08"]
["Planilhas Base",null,"CDHU 191 09/23 - DER/SP 06/23 e SIURB 01/23",{"$nulls":5},"BDI"]
[{"$nulls":8},{"v":0.25,"d":"25%"}]
["Item","Fonte","Código","Descrição","Unid.","Quant.","Valor Unit. s/ BDI","Valor Unit. c/ BDI","Total"]
["Remendos de pavimento",{"$nulls":7},{"$f":"SUM(I9:I10)","v":{"v":240042.05,"d":"240,042.05"}}]
[1,"CDHU 191","54.01.400","Abertura de caixa até 25 cm, inclui escavação, compactação, transporte e preparo do sub-leito","M2",{"v":3126.04046,"d":"3,126.04"},24.46,{"$f":"ROUND(G9+(G9*$I$6),2)","v":30.58},{"$f":"ROUND(H9*F9,2)","v":{"v":95594.32,"d":"95,594.32"}}]
[2,"CDHU 191","54.01.210","Base de brita graduada","M3",468.91,246.44,308.05,{"v":144447.73,"d":"144,447.73"}]
["Recapeamento asfáltico",{"$nulls":7},{"$f":"SUM(I12:I15)","v":{"v":9506914.17,"d":"9,506,914.17"}}]
[1,"CDHU 191","03.07.080","Fresagem de pavimento asfáltico com espessura até 5 cm, inclusive remoção do material fresado até 10 quilômetros e varrição","M2",{"v":66238.737,"d":"66,238.74"},13.42,16.78,{"v":1111486.01,"d":"1,111,486.01"}]
[2,"CDHU 191","54.03.230","Imprimação betuminosa ligante","M2",{"v":108584.077,"d":"108,584.08"},{"v":7.1,"d":"7.10"},8.88,{"v":964226.6,"d":"964,226.60"}]
[3,"DER-SP","23.08.06.99","Concreto Asfaltico Modificado Com 15% em Peso de Borracha","M3",{"v":2023.52,"d":"2,023.52"},null,{"v":1569.12,"d":"1,569.12"},{"v":3175145.7,"d":"3,175,145.70"}]
[4,"CDHU 191","54.03.210","Camada de rolamento em concreto betuminoso usinado quente - CBUQ","M3",{"v":2267.2,"d":"2,267.20"},{"v":1501.78,"d":"1,501.78"},{"v":1877.23,"d":"1,877.23"},{"v":4256055.86,"d":"4,256,055.86"}]
[{"$nulls":3},"Serviços Complementares",{"$nulls":4},{"$f":"SUM(I17:I19)","v":{"v":94093.53,"d":"94,093.53"}}]
[1,"SIURB ",{"v":62100,"d":"06-21-00"},"LEVANTAMENTO OU REBAIXAMENTO DE TAMPÃO DE POÇO DE VISITA","UN",{"v":290,"d":"290.00"},155.78,{"$f":"ROUND(G17+(G17*$I$6),2)","v":194.73},{"$f":"ROUND(H17*F17,2)","v":{"v":56471.7,"d":"56,471.70"}}]
[2,"CDHU 191","02.08.020","Placa de identificação para obra","M2",{"v":14,"d":"14.00"},{"v":878.4,"d":"878.40"},{"v":1098,"d":"1,098.00"},{"v":15372,"d":"15,372.00"}]
[3,"CDHU 191","01.20.280","Levantamento planimétrico de área pavimentada para veículo e pedestre","M2",{"v":105951.557,"d":"105,951.56"},0.17,0.21,{"v":22249.83,"d":"22,249.83"}]
[]
[]
[{"$nulls":6},"Total geral",null,{"$f":"I8+I11+I16","v":{"v":9841049.75,"d":"9,841,049.75"}}]
[]
[]
[]
[null,null,"Memória de cálculo"]
[null,null,"DESCRIÇÃO",null,null,"Área (m2)","Espessura recape (m)",null,"volume de CBUQ (m3)"]
[null,null,"DIVERSAS RUAS E AVENIDAS DO MUNICÍPIO DE AMPARO - RECAPE 4,0 CM",null,null,{"$f":"'RELAÇÃO RUAS'!I60-'RELAÇÃO RUAS'!I32-'RELAÇÃO RUAS'!I31-'RELAÇÃO RUAS'!I30-'RELAÇÃO RUAS'!I10","v":{"v":103319.037,"d":"103,319.04"}},0.04,null,{"$f":"ROUNDUP(G28*F28,2)","v":{"v":4132.77,"d":"4,132.77"}}]
[null,null,"DIVERSAS RUAS E AVENIDAS DO MUNICÍPIO DE AMPARO - RECAPE 6,0 CM",null,null,{"$f":"'RELAÇÃO RUAS'!I10+'RELAÇÃO RUAS'!I30+'RELAÇÃO RUAS'!I31+'RELAÇÃO RUAS'!I32","v":{"v":2632.52,"d":"2,632.52"}},0.06,null,{"$f":"ROUND(G29*F29,2)","v":157.95}]
[]
[null,null,"TOTAIS",null,null,{"$f":"SUM(F28:F29)","v":{"v":105951.557,"d":"105,951.56"}},null,null,{"$f":"SUM(I28:I29)","v":{"v":4290.72,"d":"4,290.72"}}]
[]
[{"$nulls":3},"RODRIGO BORGES N. GUEDES"]
[{"$nulls":3},"Engenheiro Civil da SMMSP"]

{"sheet":"CRONOGRAMA CDHU 191","index":3,"n_rows":23,"n_cols":16,"rows_kept":23,"merged":[[0,0,0,15],[1,0,1,15],[3,1,3,15],[4,1,4,15],[5,1,5,15],[6,1,6,15],[7,0,7,15],[8,0,9,1],[8,2,9,2],[8,3,8,15],[9,3,9,4],[9,5,9,6],[9,7,9,8],[9,9,9,10],[9,11,9,12],[9,13,9,14],[21,0,21,15],[22,0,22,15]]}
["Secretaria Municipal de Manutenção e Serviços Públicos"]
["Cronograma Físico-financeiro - LOTE 02"]
[]
["Pedido",{"$f":"'PLANILHA ORÇAMENTÁRIA CDHU 191'!C3","v":"RECAPEAMENTO ASFÁLTICO - ETAPA 02"}]
["Local",{"$f":"'PLANILHA ORÇAMENTÁRIA CDHU 191'!C4","v":"DIVERSAS RUAS E AVENIDAS DO MUNICÍPIO DE AMPARO - ANEXO A"}]
[]
[]
["Cronograma físico financeiro"]
["Descrição dos serviços",null,"Valores","Meses"]
[{"$nulls":3},1,null,2,null,3,null,4,null,5,null,6,null,"Total"]
[1,"Recapeamento Asfáltico",{"$f":"'PLANILHA ORÇAMENTÁRIA CDHU 191'!I11","v":{"v":9506914.17,"d":"9,506,914.17"}},{"v":0.1,"d":"10.00%"},{"$f":"D11*$C$11","v":{"v":950691.417,"d":"950,691.42"}},{"v":0.12,"d":"12.00%"},{"$f":"F11*$C$11","v":{"v":1140829.7004,"d":"1,140,829.70"}},{"v":0.2,"d":"20.00%"},{"$f":"H11*$C$11","v":{"v":1901382.834,"d":"1,901,382.83"}},{"v":0.2,"d":"20.00%"},{"$f":"J11*$C$11","v":{"v":1901382.834,"d":"1,901,382.83"}},{"v":0.2,"d":"20%"},{"$f":"L11*$C$11","v":{"v":1901382.834,"d":"1,901,382.83"}},{"v":0.18,"d":"18.00%"},{"$f":"N11*$C$11","v":{"v":1711244.5506,"d":"1,711,244.55"}},{"$f":"O11+M11+K11+I11+G11+E11","v":{"v":9506914.17,"d":"9,506,914.17"}}]
[]
[2,"Remendos de Pavimento",{"$f":"'PLANILHA ORÇAMENTÁRIA CDHU 191'!I8","v":{"v":240042.05,"d":"240,042.05"}},{"v":0.1,"d":"10.00%"},{"$f":"D13*$C$13","v":{"v":24004.205,"d":"24,004.21"}},{"v":0.12,"d":"12.00%"},{"$f":"F13*$C$13","v":{"v":28805.046,"d":"28,805.05"}},{"v":0.2,"d":"20.00%"},{"$f":"H13*$C$13","v":{"v":48008.41,"d":"48,008.41"}},{"v":0.2,"d":"20.00%"},{"$f":"J13*$C$13","v":{"v":48008.41,"d":"48,008.41"}},{"v":0.2,"d":"20%"},{"$f":"L13*$C$13","v":{"v":48008.41,"d":"48,008.41"}},{"v":0.18,"d":"18.00%"},{"$f":"N13*$C$13","v":{"v":43207.569,"d":"43,207.57"}},{"v":240042.05,"d":"240,042.05"}]
[]
[3,"Serviços Complementares",{"$f":"'PLANILHA ORÇAMENTÁRIA CDHU 191'!I16","v":{"v":94093.53,"d":"94,093.53"}},{"v":0.35,"d":"35.00%"},{"$f":"D15*$C$15","v":{"v":32932.7355,"d":"32,932.74"}},{"v":0.1,"d":"10.00%"},{"$f":"F15*$C$15","v":{"v":9409.353,"d":"9,409.35"}},{"v":0.15,"d":"15.00%"},{"$f":"H15*$C$15","v":{"v":14114.0295,"d":"14,114.03"}},{"v":0.15,"d":"15.00%"},{"$f":"J15*$C$15","v":{"v":14114.0295,"d":"14,114.03"}},{"v":0.15,"d":"15.00%"},{"$f":"L15*$C$15","v":{"v":14114.0295,"d":"14,114.03"}},{"v":0.1,"d":"10.00%"},{"$f":"N15*$C$15","v":{"v":9409.353,"d":"9,409.35"}},{"v":94093.53,"d":"94,093.53"}]
[]
[null,"TotaI",{"$f":"SUM(C11:C16)","v":{"v":9841049.75,"d":"9,841,049.75"}},null,{"v":1007628.3575,"d":"1,007,628.36"},null,{"v":1179044.0994,"d":"1,179,044.10"},null,{"$f":"SUM(I11:I16)","v":{"v":1963505.2735,"d":"1,963,505.27"}},null,{"$f":"SUM(K11:K16)","v":{"v":1963505.2735,"d":"1,963,505.27"}},null,{"$f":"SUM(M11:M16)","v":{"v":1963505.2735,"d":"1,963,505.27"}},null,{"$f":"SUM(O11:O16)","v":{"v":1763861.4726,"d":"1,763,861.47"}},{"$f":"O17+M17+K17+I17+G17+E17","v":{"v":9841049.75,"d":"9,841,049.75"}}]
[]
[null,"MEDIÇÕES MENSAIS",{"$f":"C17","v":{"v":9841049.75,"d":"9,841,049.75"}},{"$f":"E19/C19","v":{"v":0.102390332647185,"d":"10.24%"}},{"v":1007628.3575,"d":"1,007,628.36"},{"$f":"G19/C19","v":{"v":0.119808773388225,"d":"11.98%"}},{"v":1179044.0994,"d":"1,179,044.10"},{"v":1.94864034828436,"d":"194.86%"},{"$f":"I17","v":{"v":1963505.2735,"d":"1,963,505.27"}},{"v":1.66533658452572,"d":"166.53%"},{"v":1963505.2735,"d":"1,963,505.27"},{"$f":"M19/I19","v":{"v":1,"d":"100.00%"}},{"v":1963505.2735,"d":"1,963,505.27"},{"$f":"O19/K19","v":{"v":0.898322757980614,"d":"89.83%"}},{"$f":"O17","v":{"v":1763861.4726,"d":"1,763,861.47"}},{"$f":"P17","v":{"v":9841049.75,"d":"9,841,049.75"}}]
[null,"MEDIÇOES ACUMULADAS",null,{"$f":"E20/C19","v":{"v":0.102390332647185,"d":"10.24%"}},{"$f":"E19","v":{"v":1007628.3575,"d":"1,007,628.36"}},{"$f":"G20/C19","v":{"v":0.222199106035411,"d":"22.22%"}},{"$f":"G19+E20","v":{"v":2186672.4569,"d":"2,186,672.46"}},{"$f":"I20/C19","v":{"v":0.421721039505973,"d":"42.17%"}},{"v":4150177.7304,"d":"4,150,177.73"},{"$f":"K20/C19","v":{"v":0.621242972976536,"d":"62.12%"}},{"v":6113683.0039,"d":"6,113,683.00"},{"$f":"M20/C19","v":{"v":0.820764906447099,"d":"82.08%"}},{"$f":"M19+K20","v":{"v":8077188.2774,"d":"8,077,188.28"}},{"$f":"O20/C19","v":{"v":1,"d":"100.00%"}},{"$f":"O19+M20","v":{"v":9841049.75,"d":"9,841,049.75"}}]
[]
["Rodrigo B. N. Guedes"]
["Engenheiro Civil da SMMSP"]